| 000 | 00895cad a22002415a 4500 | ||
|---|---|---|---|
| 001 | L159008 | ||
| 008 | 121219e2015 xxk 000 0 eng d | ||
| 035 | _a(Sirsi) u159008 | ||
| 041 | 0 | _aeng | |
| 100 | 1 | _aPeters, Edward | |
| 245 | 0 | 0 |
_aIs there an easier way? _h[electronic resource] |
| 260 | _c2015 | ||
| 490 |
_aRICS Property Journal _vDecember 2015 - January 2016, 28-29(2) |
||
| 520 | _aDiscusses the merits of arbitration over other methods of resolving disputes. | ||
| 650 | 2 | 4 | _aARBITRATION |
| 650 | 2 | 4 | _aARBITRATION ACT 1996 |
| 650 | 2 | 4 | _aVEBA OIL SUPPLY & TRADING GMBH V PETROTRADE INC (THE ROBIN) |
| 651 | 4 |
_aUnited Kingdom _y |
|
| 690 |
_aDispute resolution _96236 |
||
| 710 |
_aRoyal Institution of Chartered Surveyors _94900 |
||
| 856 | 4 | 0 |
_uhttps://www.rics.org/uk/news/journals/property-journal _zView the journal free of charge at www.rics.org/journals... |
| 942 | _n0 | ||
| 999 |
_c84768 _d84768 |
||